| 000 | 00865nam a2200253Ia 4500 | ||
|---|---|---|---|
| 003 | OSt | ||
| 005 | 20220927110440.0 | ||
| 006 | a|||||r|||| 00| 0 | ||
| 007 | ta | ||
| 008 | 220926b |||||||| |||| 00| 0 eng d | ||
| 024 | _a101330 | ||
| 037 | _cReports | ||
| 040 |
_aRTL _cRTL _beng |
||
| 041 |
_2eng _aeng |
||
| 082 | _a"XM.58.N56t, J8/GD" | ||
| 110 |
_a"India, Government Of .... Cooperative Delegation To USSR and Czechoslovakia (1956) (Leader : Punjabrao Deshmukh)" _9378346 |
||
| 245 | 0 | _aReport. | |
| 260 |
_aDelhi _bManager Of Publciation India _c1958 |
||
| 300 |
_a78p. _ccm. |
||
| 650 | _aCooperation | ||
| 700 |
_a"India, Government Of .... Cooperative Delegation To USSR and Czechoslovakia (1956) (Leader : Punjabrao Deshmukh)" _9378347 |
||
| 942 |
_h"XM.58.N56t, J8/GD" _cCC |
||
| 999 |
_c696746 _d696746 |
||